|
|
|
|
| LEADER |
00000nam0a2200000 4500 |
| 001 |
354165 |
| 005 |
20231102010650.0 |
| 035 |
|
|
|a (RuTPU)RU\TPU\retro\11423
|
| 090 |
|
|
|a 354165
|
| 100 |
|
|
|a 20200617d1972 km y0rusy50 ca
|
| 101 |
0 |
|
|a rus
|
| 102 |
|
|
|a RU
|
| 105 |
|
|
|a y z 001zb
|
| 200 |
1 |
|
|a Театральная этика К. С. Станиславского
|f Ю. С. Калашников
|
| 205 |
|
|
|a 2-е изд., испр. и доп.
|
| 210 |
|
|
|a Москва
|c Всероссийское театральное общество
|d 1972
|
| 215 |
|
|
|a 72 с.
|
| 320 |
|
|
|a Библиография в ссылках
|
| 600 |
|
1 |
|a Станиславский
|b К. С.
|c настоящая фамилия Алексеев
|c российский режиссер
|c актер
|c педагог
|c теоретик театра
|f 1863-1938
|g Константин Сергеевич
|2 stltpush
|3 (RuTPU)RU\TPU\pers\13437
|9 4091
|
| 606 |
1 |
|
|a Театр
|2 stltpush
|3 (RuTPU)RU\TPU\subj\58738
|9 76490
|
| 610 |
1 |
|
|a театральная жизнь
|
| 610 |
1 |
|
|a театральная культура
|
| 610 |
1 |
|
|a театральное искусство
|
| 610 |
1 |
|
|a театральные режиссеры
|
| 610 |
1 |
|
|a этическая культура
|
| 610 |
1 |
|
|a этические взгляды
|
| 675 |
|
|
|a 792
|v 4
|
| 700 |
|
1 |
|a Калашников
|b Ю. С.
|g Юрий Сергеевич
|
| 801 |
|
1 |
|a RU
|b 63413507
|c 20200617
|
| 801 |
|
2 |
|a RU
|b 63413507
|c 20210316
|g RCR
|
| 942 |
|
|
|c BK
|